|
|
|
|
| LEADER |
00905nab a2200217 i 4500 |
| 001 |
tort829 |
| 005 |
20231129125106.0 |
| 008 |
231129s2023 hu o 0|| zxx d |
| 022 |
|
|
|a 0133-0500
|
| 040 |
|
|
|a PEREPO TORTENET
|b hun
|
| 041 |
|
|
|a zxx
|
| 245 |
0 |
0 |
|a Újrahasznosítani minél több hulladékot
|h [elektronikus dokumentum]
|
| 260 |
|
|
|a Zalai Hírlap Kiadói Bt.
|b Zalaegerszeg, Magyarország
|c 2023-11-23
|
| 300 |
|
|
|a 16
|
| 490 |
0 |
|
|a Zalai Hírlap
|v 79 No. 273
|
| 695 |
|
|
|a Pannon Egyetem Zalaegerszegi Egyetemi Központ - PE ZEK
|
| 695 |
|
|
|a előadás
|
| 695 |
|
|
|a rendezvény
|
| 695 |
|
|
|a Zala Megyei Kereskedelmi és Iparkamara
|
| 695 |
|
|
|a környezetvédelem
|
| 856 |
4 |
0 |
|u https://perepo-tortenet.uni-pannon.hu/id/eprint/829/1/2023-11-23_zalai_h%C3%ADrlap_%C3%9Ajrahasznos%C3%ADtani%20min%C3%A9l%20t%C3%B6bb%20hullad%C3%A9kot%20%2879.%20%C3%A9vf.%20273.%20sz.%2C%20p.%2016.%29.pdf
|z Dokumentum-elérés
|